Practical of Medicinal Chemistry (Record no. 13085)

MARC details
000 -LEADER
fixed length control field 00488nam a22001937a 4500
003 - CONTROL NUMBER IDENTIFIER
control field OSt
008 - FIXED-LENGTH DATA ELEMENTS--GENERAL INFORMATION
fixed length control field 250212b |||||||| |||| 00| 0 eng d
020 ## - INTERNATIONAL STANDARD BOOK NUMBER
International Standard Book Number 9789390471874
082 ## - DEWEY DECIMAL CLASSIFICATION NUMBER
Classification number 615.19 BOP
100 ## - MAIN ENTRY--PERSONAL NAME
Personal name Boggula, Narender
245 ## - TITLE STATEMENT
Title Practical of Medicinal Chemistry
250 ## - EDITION STATEMENT
Edition statement Ist
260 ## - PUBLICATION, DISTRIBUTION, ETC. (IMPRINT)
Place of publication, distribution, etc New Delhi
Name of publisher, distributor, etc Integrated Pub.
Date of publication, distribution, etc 2021
300 ## - PHYSICAL DESCRIPTION
Extent 70
650 ## - SUBJECT ADDED ENTRY--TOPICAL TERM
Topical term or geographic name as entry element Medicinal Chemistry-III
700 ## - ADDED ENTRY--PERSONAL NAME
Personal name Mandhadi, Jitender Reddy
700 ## - ADDED ENTRY--PERSONAL NAME
Personal name Racha, Umadevi
942 ## - ADDED ENTRY ELEMENTS (KOHA)
Source of classification or shelving scheme Dewey Decimal Classification
Koha item type Text Books
Holdings
Withdrawn status Lost status Source of classification or shelving scheme Damaged status Not for loan Collection code Home library Current library Date acquired Source of acquisition Currency Cost, normal purchase price Bill Number Total Checkouts Full call number Acc. no. / Barcode Date last seen Actual Cost, discounted price Bill Date Koha item type
    Dewey Decimal Classification     B.Pharma PIET C-LIBRARY PIET C-LIBRARY 08/02/2025 Zafaa Books Distributres In Rupees 485.00 ZBDO470   615.19 BOP BP2649 12/02/2025 363.75 06/02/2025 Text Books
    Dewey Decimal Classification     B.Pharma PIET C-LIBRARY PIET C-LIBRARY 08/02/2025 Zafaa Books Distributres In Rupees 485.00 ZBDO470   615.19 BOP BP2650 12/02/2025 363.75 06/02/2025 Text Books

Design & Developed by: PIET Central Library
R70 Miles Stone Pattikalyana Samalkha Panipat 132102
mail ID :- [email protected], Phone No:- 0180-2569700 Ex.216